<?xml version="1.0" encoding="UTF-8"?>
<record
    xmlns:xsi="http://www.w3.org/2001/XMLSchema-instance"
    xsi:schemaLocation="http://www.loc.gov/MARC21/slim http://www.loc.gov/standards/marcxml/schema/MARC21slim.xsd"
    xmlns="http://www.loc.gov/MARC21/slim">

  <leader>00247nam a22001217a 4500</leader>
  <datafield tag="040" ind1=" " ind2=" ">
    <subfield code="c">HS</subfield>
  </datafield>
  <datafield tag="082" ind1=" " ind2=" ">
    <subfield code="a">639</subfield>
  </datafield>
  <datafield tag="100" ind1=" " ind2=" ">
    <subfield code="a">NA</subfield>
  </datafield>
  <datafield tag="245" ind1=" " ind2=" ">
    <subfield code="a">Broodstock management and egg and larval quality</subfield>
  </datafield>
  <datafield tag="260" ind1=" " ind2=" ">
    <subfield code="a">Germany</subfield>
    <subfield code="b">NA</subfield>
    <subfield code="c">NA</subfield>
  </datafield>
  <datafield tag="300" ind1=" " ind2=" ">
    <subfield code="a">424</subfield>
  </datafield>
  <datafield tag="942" ind1=" " ind2=" ">
    <subfield code="c">EK</subfield>
  </datafield>
  <datafield tag="999" ind1=" " ind2=" ">
    <subfield code="c">9760</subfield>
    <subfield code="d">9760</subfield>
  </datafield>
  <datafield tag="952" ind1=" " ind2=" ">
    <subfield code="0">0</subfield>
    <subfield code="1">0</subfield>
    <subfield code="4">0</subfield>
    <subfield code="6">639_000000000000000_NA_NA</subfield>
    <subfield code="7">0</subfield>
    <subfield code="9">51922</subfield>
    <subfield code="a">LBC</subfield>
    <subfield code="b">LBC</subfield>
    <subfield code="d">2016-09-08</subfield>
    <subfield code="o">639 NA NA</subfield>
    <subfield code="p">&#x17AC;&#x17BC;&#x17B6;&#x17C6;&#x17E0;&#x17E5;&#x17E6;&#x17E4;&#x17E1;&#x17E8;</subfield>
    <subfield code="r">2016-09-08</subfield>
    <subfield code="w">2016-09-08</subfield>
    <subfield code="y">EK</subfield>
  </datafield>
  <datafield tag="952" ind1=" " ind2=" ">
    <subfield code="0">0</subfield>
    <subfield code="1">0</subfield>
    <subfield code="4">0</subfield>
    <subfield code="6">639_000000000000000_NIA_NA_C234</subfield>
    <subfield code="7">0</subfield>
    <subfield code="9">51923</subfield>
    <subfield code="a">LBC</subfield>
    <subfield code="b">LBC</subfield>
    <subfield code="c">C234</subfield>
    <subfield code="d">2016-09-08</subfield>
    <subfield code="o">639 NIA NA C234</subfield>
    <subfield code="p">A01588</subfield>
    <subfield code="r">2016-09-08</subfield>
    <subfield code="y">EK</subfield>
  </datafield>
  <datafield tag="952" ind1=" " ind2=" ">
    <subfield code="0">0</subfield>
    <subfield code="1">0</subfield>
    <subfield code="4">0</subfield>
    <subfield code="6">639_000000000000000_NIA_NA_C234</subfield>
    <subfield code="7">0</subfield>
    <subfield code="9">51924</subfield>
    <subfield code="a">LBC</subfield>
    <subfield code="b">LBC</subfield>
    <subfield code="c">C234</subfield>
    <subfield code="d">2016-09-08</subfield>
    <subfield code="o">639 NIA NA C234</subfield>
    <subfield code="p">A01513</subfield>
    <subfield code="r">2016-09-08</subfield>
    <subfield code="y">EK</subfield>
  </datafield>
</record>
